Physics for students of science and engineering (Record no. 64379)

000 -LEADER
fixed length control field 00424nam a22001697a 4500
003 - CONTROL NUMBER IDENTIFIER
control field NUST - PNEC
005 - DATE AND TIME OF LATEST TRANSACTION
control field 20170116180840.0
008 - FIXED-LENGTH DATA ELEMENTS--GENERAL INFORMATION
fixed length control field 150819b xxu||||| |||| 00| 0 eng d
020 ## - INTERNATIONAL STANDARD BOOK NUMBER
International Standard Book Number -
040 ## - CATALOGING SOURCE
Transcribing agency LIBRARY
082 ## - DEWEY DECIMAL CLASSIFICATION NUMBER
Classification number 530 HAL
100 ## - MAIN ENTRY--PERSONAL NAME
9 (RLIN) 5321
Personal name Halliday, David
245 ## - TITLE STATEMENT
Title Physics for students of science and engineering
Statement of responsibility, etc. David Halliday
260 ## - PUBLICATION, DISTRIBUTION, ETC.
Date of publication, distribution, etc. c.1963
650 ## - SUBJECT ADDED ENTRY--TOPICAL TERM
9 (RLIN) 5322
Topical term or geographic name entry element Physics
General subdivision ME
942 ## - ADDED ENTRY ELEMENTS (KOHA)
Source of classification or shelving scheme
Koha item type Book
Holdings
Withdrawn status Lost status Source of classification or shelving scheme Damaged status Not for loan Permanent Location Current Location Shelving location Date acquired Total Checkouts Full call number Barcode Date last seen Date last checked out Price effective from Koha item type
          Pakistan Navy Engineering College (PNEC) Pakistan Navy Engineering College (PNEC)     3 530 HAL PNECLIB-000051 11/08/2016 11/08/2016   Book
          Pakistan Navy Engineering College (PNEC) Pakistan Navy Engineering College (PNEC)     1 530 HAL PNECLIB-000048 10/05/2016 10/05/2016   Book
© 2023 Central Library, National University of Sciences and Technology. All Rights Reserved.